000 01109nam a2200301 4500
001 0000019357
003 CO-CtgCURN
005 20250422175658.0
007 ta
008 160627s2002 000 0 eng d
020 _a9500201259
040 _aCO-CtgCURN
_bspa
_ccoctgcurn
082 0 _a611
_bF44a
100 1 _aFigun, Mario Eduardo.
245 1 0 _aAnatomía odontológica :
_bfuncional aplicada /
_cMario Eduardo Figun, Ricardo Rodolfo Garino.
260 _aBuenos Aires :
_bEl Ateneo,
_c2002.
300 _a518 p.
336 _2rdacontent
337 _2rdamedia
_asin mediacion
_bn
338 _2rdacarrier
_avolumen
_bnc
500 _aIncluye indice.
505 8 _aOsteología -- Artrología -- Miología -- Angiología -- Linfaticos -- Neurología -- Esplacnología -- Sistema dentario -- Arquitectura y topografia alveolodentaria -- Anatomía aplicada a la odontoestomalogía
650 1 4 _aAnatomía humana
_vAtlas.
700 1 _aGarino, Ricardo Rodolfo.
908 _a160627
942 _cBK
_h611
_iF44a
_2ddc
_n0
999 _c21518
_d21518